[Event "London Classic 9th"]
[Site "London"]
[Date "2017.12.04"]
[Round "3"]
[White "Carlsen, Magnus"]
[Black "Anand, Viswanathan"]
[Result "1/2-1/2"]
[WhiteElo "2874"]
[BlackElo "2770"]
[Annotator "Yermolinsky,Alex "]
[PlyCount "62"]
[EventDate "2017.12.01"]
[EventType "tourn"]
[EventRounds "9"]
[EventCountry "ENG"]
[EventCategory "22"]
[SourceTitle "CBM 182"]
[Source "ChessBase"]
[SourceDate "2018.01.17"]
[SourceVersion "1"]
[SourceVersionDate "2018.01.17"]
[SourceQuality "1"]

1. d4 Nf6 2. c4 e6 3. g3 d5 4. Bg2 dxc4 5. Nf3 c5 {Anand likes straighforward lines in his preparation to play with black pieces.} 6. O-O Nc6 7. Na3 $5 ({A similar version of the same idea is} 7. Ne5 Bd7 8. Na3 cxd4 9. Naxc4 Bc5) ({while, of course,} 7. Qa4 {remains White's top choice.}) 7... cxd4 8. Nxc4 Bc5 9. b3 $5 (9. a3 a5 10. Bd2 O-O 11. Rc1 a4 12. Nce5 {Artemiev-Zvjaginsev, 2015}) (9. Qc2 O-O 10. Nce5 {Nakamura-Kaidanov, 2012}) 9... Qe7 ({RR} 9... O-O 10. Bb2 d3 11. e3 Rb8 12. Rc1 b6 13. Nfe5 Nxe5 14. Nxe5 Bb7 15. Qxd3 Qxd3 16. Nxd3 Ba6 17. Rfd1 Bxd3 18. Rxd3 Rfd8 19. Rcd1 Rxd3 20. Rxd3 h5 21. Bf3 Be7 22. Bxf6 Bxf6 23. Rd7 a5 24. Bxh5 {Caruana,F (2828)-Harikrishna,P (2726) Saint Louis 2019 1-0 (38)}) ({RR} 9... O-O 10. Bb2 Qc7 11. Rc1 Rd8 12. Qc2 Qe7 13. Rfd1 a6 14. Nfe5 Nxe5 15. Nxe5 Bb6 16. Qc4 Qd6 17. Nf3 e5 18. Ng5 Qe7 19. Ba3 Qe8 20. Ne4 Nxe4 21. Bxe4 Be6 22. Qd3 Rab8 23. Bxh7+ Kh8 24. Bf5 {Herbrig,A (2295)-Kadhi,H (2375) chess.com INT 2024 0-1 (55)}) 10. Nfe5 {It seems Carlsen wasn't sure about his preparation.} ({A logical follow-up has to be} 10. Bb2 e5 11. b4 $1 {where Black's best may be} Nxb4 (11... Bxb4 12. Nfxe5 Nxe5 13. Nxe5 Bc3 14. Bxc3 dxc3 15. Qa4+ Nd7 16. Nc4 {quickly rounding up the c3-pawn and keeping some edge due to the vastly superior bishop.}) 12. Nfxe5 O-O 13. a3 Na6 {White then gets his pawn back and plays on.} 14. Bxd4 Bxd4 15. Qxd4 Rd8 16. Qf4 {etc.}) 10... Nxe5 11. Nxe5 {In such positions the key issue is to prevent Black from connecting his pawns.} Nd7 $146 {Vishy cuts to the chase. The issue of a strong white knight has to be addressed immediately.} (11... O-O 12. Bb2 Rd8 13. Rc1 Rb8 14. Qc2 Bb6 15. Rfd1 Nd7 16. Nc4 $1 {turned out to be better for White in Melkumian-Grachev, World Cup 2017.}) ({RR} 11... O-O 12. Bb2 Rd8 13. Rc1 Ne8 14. Qc2 Bb6 15. Rfd1 f6 16. Nc4 e5 17. Ba3 Bc5 18. Bxc5 Qxc5 19. Qd2 Qe7 20. Qa5 Bg4 21. Rd2 b6 22. Qd5+ Rxd5 23. Bxd5+ Kf8 24. Bxa8 Qc5 25. a4 a6 26. f3 {Gogolev,A (2301)-Tsaruk,M (2324) Grodno 2021 0-1}) ({RR} 11... O-O 12. Bb2 Rd8 13. Rc1 Ne8 14. Qc2 Bb6 15. Rfd1 f6 16. Nc4 e5 17. Ba3 Bc5 18. Bxc5 Qxc5 19. Qd2 Qe7 20. Qa5 Bg4 21. Rd2 b6 22. Qd5+ Rxd5 23. Bxd5+ Kf8 24. Bxa8 Qc5 25. a4 a6 26. f3 {Gogolev,A (2301)-Tsaruk,M (2324) Grodno 2021 0-1}) 12. Bf4 O-O 13. Rc1 Rd8 ({A more direct way was} 13... f6 14. Nxd7 Bxd7 15. Bxb7 Rae8 16. Qd3 Kh8) 14. Nd3 $6 {Magnus takes it a bit too far.} ({Perhaps he was not entirely satisfied with White's chances after} 14. Nxd7 Rxd7 (14... Bxd7 15. Bxb7 e5 {is enterprising.}) 15. Rc4 e5 16. Qc2 exf4 17. Rxc5 Rd8 {but nevertheless, it was the way to go.}) 14... Bb6 15. Bc7 Re8 16. Qc2 e5 {Black has accomplished his goal, and now it's up to White not to get worse.} 17. Rfd1 Nf8 18. a4 Bg4 19. Bxb6 axb6 20. h3 Rac8 21. Qd2 {Here we have it: Black is a clean pawn up.} Be6 $2 {One can only feel disappointment seeing the former World Champ settling for a draw.} (21... Bh5 22. Rc4 f6 23. Rdc1 Rxc4 24. bxc4 Bf7 $15) 22. Nxe5 Rxc1 23. Rxc1 Bxb3 24. Nf3 Bxa4 25. Nxd4 Ne6 26. Nf5 Qf6 27. Ne3 Qd4 28. Qa2 Nc5 29. Rc4 Bb3 30. Rxd4 Bxa2 31. Rb4 Re6 1/2-1/2

[Event "London Classic 9th"]
[Site "London"]
[Date "2017.12.11"]
[Round "9"]
[White "Aronian, Levon"]
[Black "Carlsen, Magnus"]
[Result "0-1"]
[WhiteElo "2805"]
[BlackElo "2837"]
[Annotator "Fernandez,Daniel Howard"]
[PlyCount "106"]
[EventDate "2017.12.01"]
[EventType "tourn"]
[EventRounds "9"]
[EventCountry "ENG"]
[EventCategory "22"]
[SourceTitle "CBM 182"]
[Source "ChessBase"]
[SourceDate "2018.01.17"]
[SourceVersion "1"]
[SourceVersionDate "2018.01.17"]
[SourceQuality "1"]

1. d4 e6 {Earlier on in the Festival, in the open tournament, I employed this move order rather than ...f6 so as to permit the wrinkle 2.c4 b4+ followed by an ...f5 setup. The order also dodges the c3 Dutch and allows a quick ... c5 against f3 or g3. However, of course, the French must be in your repertoire.} 2. Nf3 c5 3. g3 (3. e4 {Some kind of Sicilian that is not the Dragon or Classical must also be in your repertoire. If you are a Najdorf player, you must be willing to play ...e6 rather than ...e5 setups.}) 3... cxd4 4. Nxd4 Qb6 (4... d5 {is main, and seems to equalise straightforwardly since White cannot really arrange to play c4 under desirable circumstances.}) 5. Bg2 Bc5 6. e3 (6. c3 Nf6 7. O-O d5 8. Nd2 {intending e4 is another valid way to play, though it sacrifices a pawn in various ways}) 6... d5 7. Qg4 $6 $11 {e3 goes with c4. In spite of this move appearing to force some concessions, maybe White should have stuck to the plan.} (7. O-O Nf6 8. c4 $36 {was probably the way to ask some probing questions.}) 7... Bf8 {Trying to play without weaknesses.} (7... g6 {is not ridiculous either.}) 8. O-O Nf6 9. Qe2 e5 $146 (9... Nc6 {avoids the doubled pawn scenario.}) ({RR} 9... Bd7 10. b3 Nc6 11. Bb2 Nxd4 12. Bxd4 Bc5 13. Rd1 Rc8 14. c4 Bxd4 15. exd4 dxc4 16. bxc4 Ba4 17. Rd2 Qb4 18. Rb2 Qxc4 19. Qxc4 Rxc4 20. Na3 Rc7 21. Rb4 Bc6 22. Bxc6+ Rxc6 23. Rxb7 Rd6 24. Nb5 {Salo,H (2267)-Lehtinen,H (2408) Finland 2013 0-1 (48)}) 10. Qb5+ Bd7 11. Qxb6 axb6 12. Nb3 Nc6 13. Bd2 Bd6 14. Nc3 Ne7 15. a4 O-O (15... Rc8 $11 {delays b5 by a tempo which may be important. Certainly since the rook came here anyway in the end this was a more internally consistent order.}) 16. Nb5 Bxb5 17. axb5 $14 {It seems to me that White has nevertheless managed to get a little something, though the position continues to be strategically confusing.} Rac8 18. Bc3 h5 19. Rfd1 Rfd8 20. Nd2 {White has an advantage, but as so often with the bishop pair in closed positions it is hard to work with it. White chooses a logical plan of trying to get the knight to g5.} (20. Ra7 {appeals somewhere round here; as White I would probably like to double rooks on the a-file, exchange one pair of them, arrange the bishops on e1 and d1 and maybe play toward g4. (As every grandmaster knows, the bishops control most squares from the back rank. Thus, you will often see them win the bishop pair and then store the two boys away on e1 and f1.)}) 20... h4 (20... Ne8 21. Nf3 f6 {deserved consideration.}) 21. Nf3 hxg3 22. hxg3 e4 {Keeping the game strategically messy.} (22... Ne4 $14 {was playable, but admits to being worse.}) 23. Ng5 (23. Nd4 $14 {was a much better move, not being constrained by his own previous plan of putting the knight on g5. For instance} Be5 24. Bh3 Rb8 25. Ra4 {and White will ultimately play for c4.}) 23... Ng6 24. Ra7 $14 {So White has acheived what I wanted anyway. It would have been much more fitting to annotate this game as a White win, but Black reminds us that there is still a lot going on in the game strategically (e.g. the idea of ...e5.)} Rb8 25. Bd4 Bc5 26. Bxc5 bxc5 27. c4 Ne7 (27... Re8 $14 {was better according to the engine, but would be depressing to play. As a human you want all your pieces to be doing some work, and here the knight on g6 isn't performing well.}) 28. cxd5 Nc8 29. Ra4 Nb6 30. Ra3 Nc4 31. Rc3 Nd6 32. Rxc5 Ra8 33. Bh3 {Probably a step in the wrong direction, even if the computer sees no problem. The problem is that White is now playing for strings of (albeit high level) tactical tricks.} (33. Nh3 $14 {was the right idea, if not the right implementation: this knight should be on f4 or d4 or something, not playing for tricks on the kingside.}) 33... Re8 {Playing with the motif of trapping the knight.} 34. Rc7 Kf8 (34... Re5 $4 {runs into a forced piece sacrifice:} 35. Nxf7 Nxf7 36. Be6 Rf8 37. Rxb7 $18) 35. b6 (35. Be6 {was tempting but Black will just ignore it.} Re7 36. Rxe7 Kxe7 37. Bh3 Rh8 $11) 35... Re5 36. Ne6+ (36. Nxf7 $11 {was a better way to give up the piece and now White probably keeps dynamic equality}) 36... fxe6 37. dxe6 Nfe8 38. Rd7 Raa5 {Now Black has completely turned the tables and gets to finish the event above 50%!} 39. b4 (39. R1xd6 Nxd6 40. Rxd6 Rad5 {was objectively best but in a human game this ending would be absolute hell to defend.}) 39... Rad5 40. Ra1 Rb5 $17 {Now the knights and e5-rook hold White's play back while the b5-rook takes stuff.} 41. Ra8 Rxb6 42. Bg4 Rd5 43. Kg2 Rxb4 44. Ra1 Rbb5 45. Be2 Rb2 46. Bg4 Rdd2 47. Kh3 Rxf2 48. Kh4 Rh2+ 49. Bh3 g5+ 50. Kh5 Rxh3+ 51. Kg6 Rf2 52. e7+ Kg8 53. Rxd6 Rh7 {Finally either taking the pawn or setting up mating tactics (...g7 and either ...g4 or ...f7)} 0-1

[Event "Grenke Chess Classic 5th"]
[Site "Karlsruhe/Baden-Baden"]
[Date "2018.04.02"]
[Round "3"]
[White "Bluebaum, Matthias"]
[Black "Carlsen, Magnus"]
[Result "1/2-1/2"]
[WhiteElo "2631"]
[BlackElo "2843"]
[PlyCount "119"]
[EventDate "2018.03.31"]
[EventType "tourn"]
[EventRounds "9"]
[EventCountry "GER"]
[EventCategory "20"]
[SourceTitle "CBM 184"]
[Source "ChessBase"]
[SourceDate "2018.05.16"]
[SourceVersion "1"]
[SourceVersionDate "2018.05.16"]
[SourceQuality "1"]

1. d4 Nf6 2. c4 g6 3. Nc3 Bg7 4. e4 d6 5. Nf3 O-O 6. Be2 e5 7. Be3 exd4 8. Nxd4 Re8 9. f3 c6 10. Bf2 d5 11. exd5 cxd5 12. O-O Nc6 13. c5 a6 14. Qd2 Qa5 15. Rfe1 Qxc5 16. Ne6 Qa5 17. Nxg7 Kxg7 18. a3 d4 19. Bxd4 Nxd4 20. Qxd4 Rd8 21. Qe3 Bd7 $146 ({RR} 21... Re8) 22. Rad1 Be6 23. Rxd8 Rxd8 24. Rd1 Rxd1+ 25. Bxd1 Qd8 26. Be2 Qd6 27. f4 Bd7 28. Bf3 Bc6 29. Bxc6 Ng4 30. Qg3 Qc5+ 31. Kf1 Ne3+ 32. Ke2 Nf5 33. Qf2 Qxc6 34. g4 Qc4+ 35. Kd2 Nd4 36. Qe3 Nc6 37. Ne2 h5 38. h3 hxg4 39. hxg4 g5 40. fxg5 Qxg4 41. Qc3+ Kg8 42. Qf6 Qg2 43. Ke3 Qh3+ 44. Kd2 Qd7+ 45. Kc2 Ne7 46. Nc3 Ng6 47. b4 Nf8 48. Qe5 Qe6 49. Qxe6 Nxe6 50. Ne4 Kg7 51. a4 b6 52. Kc3 Kg6 53. Kc4 Nxg5 54. Nd6 f5 55. Nxf5 Kxf5 56. Kd5 Nf3 57. Kc6 b5 58. axb5 Nd4+ 59. Kc5 Nxb5 60. Kb6 1/2-1/2

[Event "Gashimov Memorial 5th"]
[Site "Shamkir"]
[Date "2018.04.19"]
[Round "1"]
[White "Mamedyarov, Shakhriyar"]
[Black "Carlsen, Magnus"]
[Result "1/2-1/2"]
[WhiteElo "2814"]
[BlackElo "2843"]
[PlyCount "81"]
[EventDate "2018.04.19"]
[EventType "tourn"]
[EventRounds "9"]
[EventCountry "AZE"]
[EventCategory "21"]
[SourceTitle "CBM 184"]
[Source "ChessBase"]
[SourceDate "2018.05.16"]
[SourceVersion "1"]
[SourceVersionDate "2018.05.16"]
[SourceQuality "1"]

1. d4 Nf6 2. c4 g6 3. Nc3 Bg7 4. g3 O-O 5. Bg2 Nc6 6. Nf3 d5 7. cxd5 Nxd5 8. O-O e5 9. Nxe5 Nxc3 10. Nxc6 Nxd1 11. Nxd8 Rxd8 12. Rxd1 Rxd4 13. Be3 Rxd1+ 14. Rxd1 Bf6 15. Bd4 Bxd4 $146 ({RR} 15... Be7 16. Bd5 c6 17. Bb3 Bf5 18. e4 Bg4 19. f3 Be6 20. Bxe6 Rd8 21. Bd5 cxd5 22. Bxa7 Ra8 23. Be3 dxe4 24. Rd7 Bf6 25. Rxb7 Rxa2 26. fxe4 Rxb2 27. Rxb2 Bxb2 28. Kg2 f6 29. Kf3 h5 30. h3 {Blagojevic,D (2482)-Ali,M (2411) Baku 2016 ½-½ (32)}) ({RR} 15... Be7 16. b4 c6 17. a3 Bg4 18. h3 Be6 19. Bc3 Rd8 20. Rxd8+ Bxd8 21. e4 Be7 22. f4 a5 23. bxa5 Bxa3 24. Kf2 Bc5+ 25. Ke2 Bc4+ 26. Kd2 h5 27. g4 hxg4 28. hxg4 Kf8 29. g5 Bd6 30. Ke3 {Vaganian,R (2449)-Sargissyan,S (2238) chess.com INT 2024 1-0 (42)}) 16. Rxd4 Be6 17. f4 c6 18. Rb4 b6 19. Bxc6 Rc8 20. Bb5 Bxa2 21. Ra4 Be6 22. Rxa7 Rc1+ 23. Kf2 Rb1 24. Bd7 Bxd7 25. Rxd7 Rxb2 26. g4 b5 27. Rb7 b4 28. g5 b3 29. Kf3 Rb1 30. Ke4 Kg7 31. Ke5 Rb2 32. e4 Rxh2 33. Rxb3 h6 34. gxh6+ Rxh6 35. Rg3 Rh8 36. Rb3 Re8+ 37. Kd4 Ra8 38. Ke3 Ra7 39. Kf3 Ra8 40. Kg4 Ra7 41. Rc3 1/2-1/2

[Event "Gashimov Memorial 5th"]
[Site "Shamkir"]
[Date "2018.04.22"]
[Round "4"]
[White "Radjabov, Teimour"]
[Black "Carlsen, Magnus"]
[Result "1/2-1/2"]
[WhiteElo "2748"]
[BlackElo "2843"]
[PlyCount "38"]
[EventDate "2018.04.19"]
[EventType "tourn"]
[EventRounds "9"]
[EventCountry "AZE"]
[EventCategory "21"]
[SourceTitle "CBM 184"]
[Source "ChessBase"]
[SourceDate "2018.05.16"]
[SourceVersion "1"]
[SourceVersionDate "2018.05.16"]
[SourceQuality "1"]

1. d4 d5 2. c4 c6 3. Nc3 Nf6 4. e3 e6 5. Nf3 Nbd7 6. Qc2 Bd6 7. b3 O-O 8. Be2 b6 9. O-O Bb7 10. Bb2 Qe7 11. Rad1 Rad8 12. Rfe1 Rfe8 13. e4 Nxe4 ({RR} 13... dxe4 14. Nxe4 Nxe4 {½-½ (19) Arcuti,D (2390)-Brunner,N (2425) Switzerland 2021}) 14. Nxe4 dxe4 15. Qxe4 Bb4 16. Rf1 Bd6 17. Rfe1 ({RR} 17. Bd3 f5 18. Qh4 c5 19. d5 Qxh4 20. Nxh4 g6 21. dxe6 Rxe6 22. Nxf5 gxf5 23. Bxf5 Rh6 24. Rfe1 Bxh2+ 25. Kf1 Bf4 26. Bxd7 Kf8 27. Bh3 Rhd6 28. Bg4 Rxd1 29. Rxd1 Rxd1+ 30. Bxd1 Be4 31. g3 Bd6 {Giri,A (2780)-Duda,J (2730) Chess.com INT 2019 1-0 (56)}) ({RR} 17. Ne5 f5 18. Qf3 Nxe5 19. dxe5 Bc5 20. Bc3 a5 21. Qf4 {½-½ (21) Radjabov,T (2741)-Giri,A (2762) Palma de Mallorca 2017}) 17... Bb4 18. Rf1 Bd6 19. Rfe1 Bb4 $146 1/2-1/2

[Event "Norway Chess 6th"]
[Site "Stavanger"]
[Date "2018.06.01"]
[Round "4"]
[White "Nakamura, Hikaru"]
[Black "Carlsen, Magnus"]
[Result "1/2-1/2"]
[WhiteElo "2769"]
[BlackElo "2843"]
[Annotator "Yermolinsky,Alex "]
[PlyCount "66"]
[EventDate "2018.05.28"]
[EventType "tourn"]
[EventRounds "9"]
[EventCountry "NOR"]
[EventCategory "22"]
[SourceTitle "CBM 185"]
[Source "ChessBase"]
[SourceDate "2018.07.13"]
[SourceVersion "1"]
[SourceVersionDate "2018.07.13"]
[SourceQuality "1"]

1. d4 Nf6 2. c4 e6 3. Nf3 d5 4. Nc3 Be7 5. Bg5 h6 6. Bh4 O-O 7. e3 Nbd7 {The Orthodox Defence to the Queens Gambit was more popular in the 1910's than in the 2010's, but King Magnus can play anything he wants.} 8. Be2 {There's hardly any difference between the text} ({and the other bishop move} 8. Bd3) ({while} 8. Rc1 c5 9. cxd5 Nxd5 10. Bxe7 Nxe7 {is currently considered a reliable defense, thanks to the pioneering efforts of Vladimir Kramnik. Although, Nakamura himself beat Fressinet in 2016 by going to the endgame:} 11. dxc5 Nxc5 12. Qxd8 Rxd8 13. b4 Nd7 14. Bd3) 8... dxc4 9. Bxc4 a6 10. a4 c5 11. O-O cxd4 12. Nxd4 {Hikaru goes safety first.} ({The more principled} 12. exd4 {is met by the solid defence} Nb6 13. Bb3 Bd7 14. Ne5 Bc6 {It's very hard for White to break through, while Carlsen would surely be looking to lay siege to the IQP.}) 12... Nb6 13. Be2 (13. Bb3 Nbd5 14. Nxd5 Nxd5 15. Bxe7 Nxe7 16. Bc2 Bd7 17. Qd3 g6 {Salem-Karjakin, World Rapid 2017, and Black eventually prevailed.}) 13... Nbd5 14. Nxd5 Nxd5 15. Bxe7 Qxe7 16. Qb3 $146 ({RR} 16. Bf3 Rd8 17. Qb3 Nb4 18. Rfd1 e5 19. Nc2 Rxd1+ 20. Rxd1 Nxc2 21. Qxc2 Be6 22. Qe4 Bb3 23. Rc1 Rb8 24. Rc3 Qe6 25. Qb4 Bd5 26. Bxd5 Qxd5 27. h3 f6 28. Rc7 Qd8 29. Qb3+ Kh8 30. Rxb7 Rxb7 {Belous,M (1806)-Eliseev,E Kramatorsk 2010 1-0 (55)}) 16... b6 17. Bf3 Bb7 {There's nothing White can do in terms of playing on, and Hikaru forces total liquidation.} 18. Nf5 exf5 19. Bxd5 Bxd5 20. Qxd5 Qf6 21. Qb3 Rad8 22. Rfd1 Rxd1+ 23. Rxd1 Rd8 24. Rxd8+ Qxd8 25. g3 g6 26. h4 h5 27. Qc4 a5 28. b3 Qd1+ 29. Kg2 Qd7 30. Kf1 Qd1+ 31. Kg2 Qd7 32. Kf1 Qd1+ 33. Kg2 Qd7 1/2-1/2